| 000 | 00360nab a22001097u 4500 | ||
|---|---|---|---|
| 008 | 130520b1988 xxu||||| |||| 00| 0 spa d | ||
| 041 | _aspa | ||
| 100 | 1 |
_aSteinkamp, Hermann _912114 |
|
| 245 | 0 | 0 |
_aDiaconía en la Iglesia de los ricos y en la Iglesia de los pobres _cHermann Steinkamp |
| 773 | 0 |
_tConcilium _gV.2,1988,págs.89-99 _x0210-1041 _wRev134 |
|
| 942 | _cAR | ||
| 999 |
_c355434 _d355434 |
||